00414nam a2200145Ia 4500003000400000005001700004008004000021040000700061041000800068082001200076100002800088245010500116260003800221300000900259OSt20230504094847.0210210b1908 xxu||||| |||| 00| 0 eng d cAL aeng a320/138 aDEVAS (Charles Stanton) aKey to the worlds progress: being some account of the historical significance of the catholic church aLondonbLongman Green & Co.c1908 ax,85